000 00633nam a2200229Ia 4500
003 OSt
005 20220916111030.0
006 a|||||r|||| 00| 0
007 ta
008 220915b |||||||| |||| 00| 0 eng d
024 _a123898
037 _cTextbook
040 _beng
_aARTS
_cARTS
041 _aeng
082 _aV63:8-2:N10<-L95, E8 (906)
100 _aEybers G W ed
245 0 _aSelect constitutional documents illustrating South Africa history, 1795-1910
260 _c1918
650 _aHISTORY
942 _hV63:8-2:N10<-L95, E8 (906)
_cTB
_2CC
999 _c103939
_d103939